Barbie: Mariposa - Characters by Picture - Statistics

General Stats
  • This quiz has been taken 32 times
  • The average score is 8 of 16
Answer Stats
Picture Answer % Correct
Mariposa
100%
Prince Carlos
78%
Henna
72%
Willa
72%
Rayla
61%
Rayna
61%
Zinzie the Miwa
61%
Lord Gastrous
50%
Skeezites
50%
Queen Marabella
44%
Anemone
39%
Coral
39%
Flutter Pixies
28%
Fairy Speck
17%
Mini-Merfolk
17%
The Sea Beast
17%
No matching quizzes found
Score Distribution
Percent of People with Each Score
Percentile by Number Answered
Your Score History
You have not taken this quiz